000 00648nam a2200241 a 4500
001 0001-1238
003 ELIB.Books
008 150601 2010 eng
020 _a0825434254
035 _a(ELIB.Books)0001-1393
092 _a264.23
_bOsb
100 _aOsbeck, Kenneth W.
245 _aAmazing Grace:
_b366 Inspiring Hymn Stories for Daily Devotions
260 _aGrand Rapids
_bKregel Publications
_c1990
300 _a397
_c21.5 Cm
500 _aC/o Moe Tarmalar Paw
650 _aHymn
856 _nKBTS: Library
_uKBTS: Elib
942 _2ddc
_cBK
990 _a2
998 _cbat
_e2015-06-01
999 _c11238
_d11238